书目信息 |
| 题名: |
超高频电子管
|
|
| 作者: | 陆钟祚 编著 | |
| 分册: | ||
| 出版信息: | 北京 人民邮电出版社 1958 |
|
| 页数: | 436页 | |
| 开本: | 21cm | |
| 丛书名: | ||
| 单 册: | ||
| 中图分类: | TN11 | |
| 科图分类: | ||
| 主题词: | 电子管 | |
| 电子资源: | ||
| ISBN: | ||
| 000 | 00521nam0 2200193 450 | |
| 001 | 0633258531 | |
| 005 | 20060808091620.31 | |
| 010 | @dCNY2.05 | |
| 100 | @a20060808d1958 km y0chiy0120 ea | |
| 101 | 0 | @achi |
| 102 | @aCN@b110000 | |
| 200 | 1 | @a超高频电子管@Achao gao pin dian zi guan@f陆钟祚编著@Flu zhong zuo bian zhu |
| 210 | @a北京@c人民邮电出版社@d1958 | |
| 215 | @a436页@d21cm | |
| 606 | 0 | @a电子管 |
| 690 | @aTN11@v3 | |
| 701 | 0 | @a陆钟祚@Alu zhong zuo@4编著 |
| 801 | 0 | @aCN@bPFT@c20060808 |
| 905 | @a10447@dTN11@e58 | |
| 超高频电子管/陆钟祚编著.-北京:人民邮电出版社,1958 |
| 436页;21cm |
| ISBN :CNY2.05 |
| ● |
| 相关链接 |
|
|
|
|
正题名:超高频电子管
索取号:TN11/58
 
预约/预借
| 序号 | 登录号 | 条形码 | 馆藏地/架位号 | 状态 | 备注 |
| 1 | 0444939 | 204449392 | 密集书库/ [索取号:TN11/58] | 在馆 |